[Event "GER-ch U18 Girls"]
[Site "Willingen"]
[Date "2019.06.12"]
[Round "6"]
[White "Kuemmel, Tina"]
[Black "Peters, Jenna Maria Lara"]
[Result "1/2-1/2"]
[WhiteElo "1446"]
[BlackElo "1594"]
[PlyCount "65"]
[EventDate "2019.06.08"]
[EventType "swiss"]
[EventRounds "9"]
[EventCountry "GER"]
[SourceTitle "CBM 191 Extra"]
[Source "ChessBase"]
[SourceDate "2019.09.30"]
[SourceVersion "1"]
[SourceVersionDate "2019.09.30"]
[SourceQuality "1"]

1. Nf3 d5 2. g3 Nf6 3. Bg2 Bf5 4. d4 h6 5. c4 e6 6. Nc3 Be7 7. Ne5 c6 8. 0-0 Nbd7 9. cxd5 exd5 10. Nxd7 Qxd7 11. Re1 0-0 12. f3 Rad8 13. Be3 Bh7 14. Bf2 Rfe8 15. h3 Qc7 16. e4 dxe4 17. fxe4 Bb4 18. e5 Bxc3 19. bxc3 Nd5 20. Qf3 Qd7 21. g4 f6 22. Bh4 g5 23. Bg3 fxe5 24. Bxe5 Rf8 25. Qg3 Nb6 26. Re2 Rde8 27. Rae1 Nc4 28. Be4 Bxe4 29. Rxe4 Qd5 30. Qd3 Nxe5 31. Rxe5 Rxe5 32. Rxe5 Qf7 33. Qe2 1/2-1/2